BIBLIOTECA

SENCICO

Guía para la preparación de programas de aplicación (G.P.P.C.) (Registro nro. 3189)

Detalles MARC
000 -LEADER
fixed length control field 00739nam a2200217Ia 4500
005 - DATE AND TIME OF LATEST TRANSACTION
control field 20251020182606.0
008 - FIXED-LENGTH DATA ELEMENTS--GENERAL INFORMATION
fixed length control field 200515s9999 xx 000 0 und d
082 ## - DEWEY DECIMAL CLASSIFICATION NUMBER
Classification number SC/377.4(026)/U34
110 ## - MAIN ENTRY--CORPORATE NAME
Corporate name or jurisdiction name as entry element Pnud
245 #0 - TITLE STATEMENT
Title Guía para la preparación de programas de aplicación (G.P.P.C.)
260 ## - PUBLICATION, DISTRIBUTION, ETC.
Place of publication, distribution, etc. Ginebra
260 ## - PUBLICATION, DISTRIBUTION, ETC.
Date of publication, distribution, etc. 1979
300 ## - PHYSICAL DESCRIPTION
Extent s.n.
520 ## - SUMMARY, ETC.
Summary, etc. El manual denominado Guía de Preparación de programas de Capacitación de la UIT (GPPC), ha sido elaborado en el marco del proyecto interregional PNUD/UIT*CODEVTEL (preparación de cursos en materia de telecomunicaciones)
650 ## - SUBJECT ADDED ENTRY--TOPICAL TERM
Topical term or geographic name entry element CAPACITACION
650 ## - SUBJECT ADDED ENTRY--TOPICAL TERM
Topical term or geographic name entry element EMPLEO
650 ## - SUBJECT ADDED ENTRY--TOPICAL TERM
Topical term or geographic name entry element FORMACION PROFESIONAL
650 ## - SUBJECT ADDED ENTRY--TOPICAL TERM
Topical term or geographic name entry element POBLACION
650 ## - SUBJECT ADDED ENTRY--TOPICAL TERM
Topical term or geographic name entry element PUB PNUD
942 ## - ADDED ENTRY ELEMENTS (KOHA)
Koha item type Libros
Existencias
Fecha de la última vez que lo usaron Pago total Signatura topográfica completa Código de barras Precio efectivo desde Tipo de documento Estado perdido Estado dañado No es para préstamo Retirado Ubicación permanente Ubicación actual Fecha de adquisición
15/05/2020   SC/377.4(026)/U34 Bib-Lima15053189 15/05/2020 Libros         Biblioteca Central Lima Biblioteca Central Lima 15/05/2020